[Event "COL-ch deaf 3rd"]
[Site "Colombia"]
[Date "2012.11.27"]
[Round "5.3"]
[White "Mora Hernandez, Rogelio"]
[Black "Agudelo, Miguel"]
[Result "1-0"]
[WhiteElo "1600"]
[BlackElo "1642"]
[PlyCount "26"]
[EventDate "2012.11.25"]
[EventType "swiss"]
[EventRounds "7"]
[EventCountry "COL"]
[SourceTitle "EXT 2024"]
[Source "ChessBase"]
[SourceDate "2023.10.10"]
[SourceVersion "1"]
[SourceVersionDate "2023.10.10"]
[SourceQuality "1"]

1. e4 d6 2. d4 g6 3. Nf3 Bg7 4. c3 Nf6 5. Bd3 0-0 6. 0-0 Re8 7. h3 e5 8. Bg5 h6 9. Bh4 c6 10. Nfd2 a6 11. Re1 Be6 12. Nf3 Nbd7 13. Qc2 Kh7 1-0